Estudio sobre la enciclica Inmortale Dei / (Record no. 156269)

MARC details
000 -LEADER
campo de control de longitud fija 00763nam a22001815i 4500
001 - NÚMERO DE CONTROL
campo de control 156269
003 - IDENTIFICADOR DE NÚMERO DE CONTROL
campo de control ES-MaACL
005 - FECHA Y HORA DE LA ÚLTIMA TRANSACCIÓN
campo de control 20250824063049.0
008 - DATOS DE LONGITUD FIJA--INFORMACIÓN GENERAL
campo de control de longitud fija 940202s1888 sp |||| | spa d
040 ## - FUENTE DE CATALOGACIÓN
Centro catalogador/agencia de origen AR
Lengua de catalogación spa
100 1# - ENTRADA PRINCIPAL--NOMBRE DE PERSONA
Nombre de persona Jardiel, Florencio,
Fechas asociadas al nombre 1844-1931
9 (RLIN) 66111
245 10 - MENCIÓN DEL TÍTULO
Título Estudio sobre la enciclica Inmortale Dei /
Mención de responsabilidad, etc. por el doctor D. Florencio Jardiel.
260 ## - PUBLICACIÓN, DISTRIBUCIÓN, ETC.
Lugar de publicación, distribución, etc. Zaragoza :
Nombre del editor, distribuidor, etc. [s.n.],
Fecha de publicación, distribución, etc. 1888 (
Fabricante imprenta del Hospicio Provincial)
300 ## - DESCRIPCIÓN FÍSICA
Extensión 151 p. ;
Dimensiones 18 cm.
594 #1 - Nota al título y mención de responsabilidad
Nota al título y mención de responsabilidad Estudio premiado en el certamen cientifico- literario celebrado con motivo del jubileo sacerdotal de S.S. el Papa Leon XIII.
852 ## - LOCALIZACIÓN
Ubicación ES-MaACL
Número de control de estantería T-588-F-2
Nota libre -- Enc. hol., conservando la enc. editorial
-- -- Enc. en un vol. facticio
Holdings
Estatus retirado Estado de pérdida Estado de daño No para préstamo Colección Biblioteca de origen Biblioteca actual Ubicación en estantería Fecha de adquisición Total de préstamos Signatura topográfica completa Código de barras Visto por última vez Precio de reemplazo Tipo de ítem Koha
        Colección de folletos Biblioteca del Ateneo de Madrid Biblioteca del Ateneo de Madrid Depósito folletos 17/01/2008   T-588-F-2 1163490 23/02/2023 23/02/2023 Folleto